[Event "Asia-ch Blitz U20 Girls"]
[Site "Jamshedpur"]
[Date "2023.09.15"]
[Round "9"]
[White "Nischala, Y."]
[Black "Patil, Disha"]
[Result "0-1"]
[WhiteElo "1202"]
[BlackElo "1617"]
[PlyCount "68"]
[EventDate "2023.09.15"]
[EventType "swiss (blitz)"]
[EventRounds "9"]
[EventCountry "IND"]
[SourceTitle "EXT 2024"]
[Source "ChessBase"]
[SourceDate "2023.10.10"]
[SourceVersion "1"]
[SourceVersionDate "2023.10.10"]
[SourceQuality "1"]

1. d4 d5 2. e3 Nf6 3. c4 c6 4. cxd5 cxd5 5. Nf3 Nc6 6. Nc3 Bf5 7. Bd3 Bg6 8. a3 e6 9. 0-0 Bd6 10. h3 a6 11. b4 0-0 12. Na4 Ne4 13. Bxe4 Bxe4 14. Nc5 Bxc5 15. dxc5 b5 16. Bb2 Bxf3 17. Qxf3 Qe7 18. Rfd1 a5 19. e4 d4 20. Bxd4 axb4 21. axb4 Nxd4 22. Rxa8 Nxf3+ 23. gxf3 Rxa8 24. c6 Rc8 25. Rd7 Qg5+ 26. Kh2 Rxc6 27. e5 Qxe5+ 28. Kg2 h5 29. Rd8+ Kh7 30. Rd4 Qxd4 31. h4 Qxh4 32. f4 Rc3 33. f5 Qh3+ 34. Kg1 Rc1# 0-1

[Event "Asia-ch Blitz U20 Girls"]
[Site "Jamshedpur"]
[Date "2023.09.15"]
[Round "4"]
[White "Sanudula, KM Dahamdi"]
[Black "Nischala, Y."]
[Result "1-0"]
[WhiteElo "1556"]
[BlackElo "1202"]
[PlyCount "65"]
[EventDate "2023.09.15"]
[EventType "swiss (blitz)"]
[EventRounds "9"]
[EventCountry "IND"]
[SourceTitle "EXT 2024"]
[Source "ChessBase"]
[SourceDate "2023.10.10"]
[SourceVersion "1"]
[SourceVersionDate "2023.10.10"]
[SourceQuality "1"]

1. d4 Nf6 2. e3 g6 3. Bd3 Bg7 4. e4 d5 5. e5 Nfd7 6. Qe2 0-0 7. Nf3 c5 8. c3 c4 9. Bc2 a5 10. Ng5 h6 11. e6 hxg5 12. exd7 Nxd7 13. Bxg5 Nf6 14. Nd2 Bg4 15. f3 Bd7 16. h4 Re8 17. g4 Qb6 18. 0-0-0 a4 19. a3 e5 20. dxe5 Nh7 21. Be3 Qc7 22. f4 Qc8 23. Rdg1 Bc6 24. Bd4 f6 25. Bxg6 Re7 26. g5 fxe5 27. fxe5 Bxe5 28. Bxe5 Qe6 29. Bxh7+ Kxh7 30. Qh5+ Kg8 31. Qh8+ Kf7 32. Rf1+ Kg6 33. Qh6# 1-0

[Event "Asia-ch U20 Girls"]
[Site "Jamshedpur"]
[Date "2023.09.14"]
[Round "8"]
[White "Poorvi, Rajpoot"]
[Black "Nischala, Y."]
[Result "0-1"]
[WhiteElo "1429"]
[BlackElo "1292"]
[PlyCount "78"]
[EventDate "2023.09.09"]
[EventType "swiss"]
[EventRounds "9"]
[EventCountry "IND"]
[SourceTitle "EXT 2024"]
[Source "ChessBase"]
[SourceDate "2023.10.10"]
[SourceVersion "1"]
[SourceVersionDate "2023.10.10"]
[SourceQuality "1"]

1. e4 c5 2. Nf3 d6 3. d4 cxd4 4. Nxd4 Nf6 5. Nc3 g6 6. Bg5 Bg7 7. Bb5+ Bd7 8. Qe2 Nc6 9. Nf3 0-0 10. 0-0 a6 11. Ba4 b5 12. Bb3 Na5 13. Rfd1 Nxb3 14. axb3 b4 15. Na4 Bb5 16. Qe1 Bxa4 17. Rxa4 Qc7 18. c3 bxc3 19. bxc3 Rac8 20. c4 Rfe8 21. e5 dxe5 22. Nxe5 Red8 23. Rxd8+ Rxd8 24. h3 Nh5 25. Nf3 Nf6 26. Bd2 Qb7 27. Rb4 Qc7 28. Ra4 Qb7 29. Rb4 Qc7 30. Bc3 e6 31. Bd4 Nd7 32. Bxg7 Kxg7 33. Qc3+ Nf6 34. Ra4 Rd1+ 35. Ne1 e5 36. Ra1 Ne4 37. Qb2 Rd2 38. Qb1 Nc3 39. Qc1 Ne2+ 0-1

[Event "Asia-ch U20 Girls"]
[Site "Jamshedpur"]
[Date "2023.09.11"]
[Round "4"]
[White "Ahmed, Walijah"]
[Black "Nischala, Y."]
[Result "1/2-1/2"]
[WhiteElo "1936"]
[BlackElo "1292"]
[PlyCount "85"]
[EventDate "2023.09.09"]
[EventType "swiss"]
[EventRounds "9"]
[EventCountry "IND"]
[SourceTitle "EXT 2024"]
[Source "ChessBase"]
[SourceDate "2023.10.10"]
[SourceVersion "1"]
[SourceVersionDate "2023.10.10"]
[SourceQuality "1"]

1. e4 e6 2. d4 d5 3. Nc3 Bb4 4. e5 c5 5. a3 Bxc3+ 6. bxc3 Ne7 7. Qg4 Qc7 8. Qxg7 Rg8 9. Qxh7 cxd4 10. Ne2 Nbc6 11. f4 dxc3 12. Qd3 Bd7 13. Rb1 0-0-0 14. Qxc3 Nf5 15. h4 a6 16. Bd2 Kb8 17. h5 Ka8 18. Rh3 Rc8 19. Kd1 d4 20. Qb3 b5 21. h6 Na5 22. Qd3 Nc4 23. h7 Rh8 24. c3 Nce3+ 25. Ke1 Nxf1 26. Kxf1 Bc6 27. Nxd4 Nxd4 28. cxd4 Qb7 29. Qg3 Be4 30. Rc1 Rce8 31. Bb4 Rxh7 32. Rxh7 Bxh7 33. Rc3 Rg8 34. Qf2 Be4 35. Rg3 Rc8 36. Rc3 Rg8 37. Rg3 Rc8 38. Rc3 Bd5 39. Kg1 Be4 40. g3 Rh8 41. Kf1 Bd5 42. Ke2 Bc4+ 43. Kd2 1/2-1/2

[Event "Asia-ch U20 Girls"]
[Site "Jamshedpur"]
[Date "2023.09.09"]
[Round "1"]
[White "Nischala, Y."]
[Black "Sanudula, KM Dahamdi"]
[Result "1-0"]
[WhiteElo "1292"]
[BlackElo "1731"]
[PlyCount "67"]
[EventDate "2023.09.09"]
[EventType "swiss"]
[EventRounds "9"]
[EventCountry "IND"]
[SourceTitle "EXT 2024"]
[Source "ChessBase"]
[SourceDate "2023.10.10"]
[SourceVersion "1"]
[SourceVersionDate "2023.10.10"]
[SourceQuality "1"]

1. d4 Nf6 2. c4 e6 3. g3 d5 4. Bg2 Bb4+ 5. Bd2 Be7 6. Nf3 0-0 7. 0-0 c5 8. dxc5 Bxc5 9. cxd5 exd5 10. Bg5 Be6 11. Nc3 Be7 12. Nd4 Nc6 13. Nxe6 fxe6 14. Bh3 Qd7 15. e4 d4 16. Bxf6 Bxf6 17. Nd5 Qd6 18. Nf4 Rfe8 19. Qb3 Nd8 20. Rac1 Bg5 21. Qb5 Qe7 22. Rc7 Bxf4 23. Rxe7 Rxe7 24. gxf4 Nc6 25. Rc1 Rf8 26. Rxc6 bxc6 27. Qxc6 Rf6 28. Qd6 Kf7 29. Qxd4 Rxf4 30. Qe3 g5 31. Kf1 Rc7 32. Ke1 Rc4 33. f3 Rh4 34. Bxe6+ 1-0

[Event "Asia-ch Rapid U20 Girls"]
[Site "Jamshedpur"]
[Date "2023.09.08"]
[Round "8"]
[White "Harshini, A1111"]
[Black "Nischala, Y."]
[Result "0-1"]
[WhiteElo "1331"]
[BlackElo "1092"]
[PlyCount "100"]
[EventDate "2023.09.08"]
[EventType "swiss (rapid)"]
[EventRounds "9"]
[EventCountry "IND"]
[SourceTitle "EXT 2024"]
[Source "ChessBase"]
[SourceDate "2023.10.10"]
[SourceVersion "1"]
[SourceVersionDate "2023.10.10"]
[SourceQuality "1"]

1. e4 c5 2. Nf3 d6 3. d4 cxd4 4. Nxd4 Nf6 5. Nc3 g6 6. Be3 Bg7 7. f3 0-0 8. Qd2 Nc6 9. 0-0-0 Bd7 10. g4 a5 11. h4 h5 12. gxh5 Nxh5 13. Be2 Ng3 14. Rhg1 Nxe2+ 15. Ncxe2 Nxd4 16. Nxd4 e5 17. Ne2 Qxh4 18. Rh1 Qf6 19. Bh6 Bxh6 20. Qxh6 Qg7 21. Qh4 Be6 22. Kb1 Rfd8 23. Rh2 Kf8 24. Nc3 Rac8 25. Qf2 Qf6 26. Rdh1 Ke7 27. Rh7 Rh8 28. Rxh8 Rxh8 29. Rg1 Rh3 30. Qb6 Rxf3 31. Qxb7+ Kf8 32. Qb8+ Kg7 33. b3 Rxc3 34. Rh1 Rh3 35. Rg1 Qf2 36. Rc1 Qd2 37. Qb6 Re3 38. Qc6 Re1 39. Rxe1 Qxe1+ 40. Kb2 Qd2 41. Qb7 Bg4 42. Qc6 Bd1 43. a3 Bf3 44. a4 Qd4+ 45. Kb1 Bxe4 46. Qb5 Qd1+ 47. Kb2 Qxc2+ 48. Ka3 Qc1+ 49. Ka2 Qb1+ 50. Ka3 Qa1# 0-1